00236nam a2200085Ia 450000500170000000800410001724500650005826000100012399900170013320250523154322.0250523s9999 xx 000 0 und d 0aErasmus Altın Düşüncenin Ustaları cJames McConica bALTIN c12019d12019